Family law : (Record no. 134037)

MARC details
000 -LEADER
fixed length control field 00703nam a22002417a 4500
003 - CONTROL NUMBER IDENTIFIER
control field 0
005 - DATE AND TIME OF LATEST TRANSACTION
control field 20180731153449.0
008 - FIXED-LENGTH DATA ELEMENTS--GENERAL INFORMATION
fixed length control field 0
010 ## - LIBRARY OF CONGRESS CONTROL NUMBER
LC control number B-156714
020 ## - INTERNATIONAL STANDARD BOOK NUMBER
Terms of availability 600.00
International Standard Book Number 8175255331
035 ## - SYSTEM CONTROL NUMBER
System control number B-156714, B-156716, B-156720
037 ## - SOURCE OF ACQUISITION
Source of stock number/acquisition Cen Lib/Ret
040 ## - CATALOGING SOURCE
Original cataloging agency DPL
Language of cataloging EN
Transcribing agency 0
082 ## - DEWEY DECIMAL CLASSIFICATION NUMBER
Classification number 346.015
Item number KAU
100 ## - MAIN ENTRY--PERSONAL NAME
Personal name Kaul, Santosh
9 (RLIN) 39601
245 ## - TITLE STATEMENT
Title Family law :
Statement of responsibility, etc by Santosh Kaul
Remainder of title marriages and divorces in common /
260 ## - PUBLICATION, DISTRIBUTION, ETC. (IMPRINT)
Place of publication, distribution, etc New Delhi
Name of publisher, distributor, etc Friends Color Images
Date of publication, distribution, etc 2004
270 ## - ADDRESS
City New Delhi
Address 68, Muncipal Market, Connaught Place
Postal code 110001
300 ## - PHYSICAL DESCRIPTION
Extent 158p.
Dimensions 22cm(Hb)
650 ## - SUBJECT ADDED ENTRY--TOPICAL TERM
Topical term or geographic name as entry element Law
9 (RLIN) 104
650 ## - SUBJECT ADDED ENTRY--TOPICAL TERM
Topical term or geographic name as entry element Law -- Family
9 (RLIN) 39602
942 ## - ADDED ENTRY ELEMENTS (KOHA)
Source of classification or shelving scheme Dewey Decimal Classification
Koha item type English Books
Classification part 346.015
Call number suffix KAU
Holdings
Withdrawn status Lost status Damaged status Not for loan Collection code Home library Current library Date acquired Source of acquisition Cost, normal purchase price Total Checkouts Full call number Barcode Date last seen Copy number Cost, replacement price Price effective from Koha item type Source of classification or shelving scheme Total Renewals Date checked out
      Not For Loan Reference Central Library Central Library 28/07/2015 Cen Lib/Ret 600.00   346.015 KAU B-156714 28/07/2015 1 600.00 28/07/2015 English Books      
        Non-fiction Patel Nagar Patel Nagar 23/07/2018 BPPD/PUB 600.00 5 346.015 KAU B-156716 07/09/2022   600.00 23/07/2018 English Books Dewey Decimal Classification 6 12/08/2022
        Non-fiction Shahdara Branch Shahdara Branch 31/07/2018 BPPD/PUB 600.00 5 346.015 KAU B-156720 11/06/2025   600.00   English Books Dewey Decimal Classification   22/05/2025

© Delhi Public Library
Hit Counter
free hit counter